Statistics for 2017 Monster Energy Nascar Cup Series Drivers

Click here to take the quiz!

General Stats

  • This quiz has been taken 707 times
  • The average score is 27 of 36

Answer Stats

TeamNumberAnswer% Correct
Chip Ganassi42Kyle Larson
95%
Stewart-Haas41Kurt Busch
94%
Joe Gibbs18Kyle Busch
94%
Hendrick48Jimmie Johnson
93%
Richard Childress3Austin Dillon
91%
Stewart-Haas4Kevin Harvick
91%
Hendrick88Dale Earnhardt Jr.
90%
Penske22Joey Logano
90%
Furniture Row78Martin Truex Jr.
90%
Germain13Ty Dillon
90%
Joe Gibbs11Denny Hamlin
89%
Hendrick24Chase Elliott
87%
Chip Ganassi1Jamie McMurray
87%
Stewart-Haas14Clint Bowyer
86%
Stewart-Haas10Danica Patrick
86%
Hendrick5Kasey Kahne
86%
Joe Gibbs20Matt Kenseth
84%
Penske2Brad Keselowski
83%
Richard Childress31Ryan Newman
83%
Roush Fenway17Ricky Stenhouse Jr.
82%
Circle Sport33Jeffrey Earnhardt
81%
Wood Brothers21Ryan Blaney
81%
RIchard Petty43Aric Almirola
79%
Joe Gibbs19Daniel Suárez
79%
Furniture Row77Erik Jones
75%
Richard Childress27Paul Menard
75%
Roush Fenway6Trevor Bayne
73%
JTG Daugherty47A. J. Allmendinger
71%
Leavine Family95Michael McDowell
71%
JTG Daugherty37Chris Buescher
64%
Front Row38David Ragan
64%
Go Fas32Matt DiBenedetto
54%
Front Row34Landon Cassill
46%
TriStar72Cole Whitt
41%
BK23Joey Gase/Gray Gaulding
14%
Premium15Michael Waltrip
6%

Score Distribution

Percentile by Number Answered

Percent of People with Each Score

Your Score History

You have not taken this quiz